Online
Catalog

Un nuevo model o de atención a personas con enfermedad mental grave en la República Dominicana / (Record no. 59537)

MARC details
000 -CABECERA
campo de control de longitud fija 02093nam a2200313 i 4500
003 - IDENTIFICADOR DEL NÚMERO DE CONTROL
campo de control DO-SdBNP
005 - FECHA Y HORA DE LA ÚLTIMA TRANSACCIÓN
campo de control 20250715093220.0
007 - CAMPO FIJO DE DESCRIPCIÓN FÍSICA--INFORMACIÓN GENERAL
campo de control de longitud fija ta
008 - DATOS DE LONGITUD FIJA--INFORMACIÓN GENERAL
campo de control de longitud fija 250715s2024 dr do 000 0 spa d
020 ## - NÚMERO INTERNACIONAL ESTÁNDAR DEL LIBRO
Número Internacional Estándar del Libro 9789945801378
040 ## - FUENTE DE LA CATALOGACIÓN
Centro catalogador/agencia de origen DO-SdBNP
Lengua de catalogación spa
Centro/agencia transcriptor BNPHU
Normas de descripción rda
041 ## - CÓDIGO DE LENGUA
Código de lengua del texto/banda sonora o título independiente spa
082 #4 - NÚMERO DE LA CLASIFICACIÓN DECIMAL DEWEY
Número de clasificación xxx
Número de documento/Ítem M632
Número de edición 22
100 1# - ENTRADA PRINCIPAL--NOMBRE DE PERSONA
Nombre de persona Michel, José Mieses
Término indicativo de función/relación autor
9 (RLIN) 78466
Código de función/relación aut.
245 13 - MENCIÓN DE TÍTULO
Título Un nuevo model o de atención a personas con enfermedad mental grave en la República Dominicana /
Mención de responsabilidad, etc. José Mieses Michel
250 ## - MENCIÓN DE EDICIÓN
Mención de edición Primera edición
264 ## - PRODUCCIÓN, PUBLICACIÓN, DISTRIBUCIÓN, FABRICACIÓN Y COPYRIGHT
Producción, publicación, distribución, fabricación y copyright Santo Domingo :
Nombre del de productor, editor, distribuidor, fabricante FUNDAPEM,
-- Editora Búho,
Fecha de producción, publicación, distribución, fabricación o copyright 2024.
300 ## - DESCRIPCIÓN FÍSICA
Extensión 165 páginas :
Otras características físicas grafica ;
Dimensiones 23 cm.
336 ## - TIPO DE CONTENIDO
Término de tipo de contenido texto
Código de tipo de contenido txt
Fuente rdacontent
337 ## - TIPO DE MEDIO
Nombre/término del tipo de medio sin mediación
Código del tipo de medio n
Fuente rdamedia
338 ## - TIPO DE SOPORTE
Nombre/término del tipo de soporte volumen
Código del tipo de soporte nc
Fuente rdacarrier
500 ## - NOTA GENERAL
Nota general Incluye datos biográficos del autor en las solapas
504 ## - NOTA DE BIBLIOGRAFÍA, ETC.
Nota de bibliografía, etc. Bibliografía p: 161-165
520 ## - SUMARIO, ETC.
Sumario, etc. La propuesta para un nuevo Modelo de Atención a Personas con Enfermedad Mental Grave tiene una trascendencia que supera su lectura; es un ideario que reclama transformar la concepción y el quehacer respecto de la salud mental.<br/>Un tema que pese a su incidencia y la capacidad que tiene de desestabilizar la familia, no acaba de ser visto por las autoridades y la propia comunidad, en la capacidad de destruir el que debía ser un sano tejido familiar y social.<br/>Mieses Michel lo que plantea en su libro es un desafío que llama a transformar la perspectiva de la cuestión, un reclamo que, en forma de angustiado llamado, hacen las muchas familias afectadas. Es una luz documentada y responsable.<br/>Logra plasmar las principales directrices para reenfocar una problemática que demanda ser admitida y planteada como fenómeno que supera lo puramente clínico.<br/>Invita a considerar que en la capacidad de dar asistencia real a los casos graves de salud mental, radica la esencia de lograr una sociedad inclusiva y solidaria.
590 ## - NOTA LOCAL (RLIN)
Nota local Inventariado, 2025/ YL
710 1# - PUNTO DE ACCESO ADICIONAL--NOMBRE DE ENTIDAD CORPORATIVA
Nombre de entidad corporativa o nombre de jurisdicción como elemento de entrada Fundación en apoyo a las personas con enfermedad mental (FUNDAPEM)
9 (RLIN) 88357
910 ## - DATOS DE OPCIÓN DEL USUARIO (OCLC)
Datos de opción del usuario YLockward
942 ## - ELEMENTOS DE PUNTO DE ACCESO ADICIONAL (KOHA)
Fuente del sistema de clasificación o colocación Dewey Decimal Classification
Tipo de ítem Koha Libro
Holdings
Estado de retiro Estado de pérdida Fuente del sistema de clasificación o colocación Restricciones de uso No para préstamo Código de colección Localización permanente Ubicación/localización actual Ubicación en estantería Fecha de adquisición Fuente de adquisición Total de préstamos Signatura topográfica completa Código de barras Fecha visto por última vez Precio válido a partir de Tipo de ítem Koha Número de copia
    Dewey Decimal Classification Excluido de préstamo   Patrimonio Dominicano Biblioteca Nacional Pedro Henríquez Ureña Biblioteca Nacional Pedro Henríquez Ureña En catalogación 21.10.2024 Depósito Legal   BNPHU PD xxx M632 2025-6572 15.07.2025 15.07.2025 Libro  
    Dewey Decimal Classification Excluido de préstamo   Patrimonio Dominicano Biblioteca Nacional Pedro Henríquez Ureña Biblioteca Nacional Pedro Henríquez Ureña En catalogación 21.10.2024 Depósito Legal   BNPHU PD xxx M632 2025-6573 15.07.2025 15.07.2025 Libro e. 2

Powered by Koha